000 00989nam a2200301 i 4500
001 bg
100 1 _aKról, Stanisław.
245 0 0 _aUtlenianie stopów Ti-Al na osnowie faz międzymetalicznych /
_cStanisław Król.
260 _aOpole :
_bOficyna Wydawnicza Politechniki Opolskiej,
_c2006.
300 _a113 s. :
_bil. (w tym kolor.) ;
_c24 cm.
490 1 _aStudia i Monografie / Politechnika Opolska,
_x1429-6063 ;
_vz. 188
504 _aBibliogr. s. 101-111.
546 _aStreszcz. ang., pol.
650 9 _aAluminium
_xmetalurgia
650 9 _aRównowaga fazowa
650 9 _aStopy (metalurg.)
_xchemia
650 9 _aTytan (chem.)
_xmetalurgia
650 9 _aUtlenianie
830 0 _aStudia i Monografie - Politechnika Opolska
_x1429-6063
_vz. 188
020 _a8388492462
040 _cBPK
041 _apol
_beng
044 _aPOL
080 _a669.71:669.24/.29:544.3:544.6
920 _a83-88492-46-2
942 _cKS
008 s pl f |000 0 pol
999 _c54065
_d54065
856 _uhttp://koha.tu.koszalin.pl/cgi-bin/koha/opac-detail.pl?biblionumber=54065
_yKatalog online BPK